Statistics for Best WWE Tag Teams of All-Time

Click here to take the quiz!

General Stats

  • This quiz has been taken 464 times
  • The average score is 12 of 14

Answer Stats

Team NameMember #1Member #2% Correct
Edge and ChristianEdgeChristian
99%
Hardy BoyzJeff HardyMatt Hardy
99%
Brothers of DestructionUndertakerKane
99%
D Generation XTriple HShawn Michaels
98%
Rated-RKORandy OrtonEdge
97%
The Shield (Trio)Seth RollinsRoman Reigns, Dean Ambrose
95%
Los GuerrerosEddie GuerreroChavo Guerrero
93%
Rock N' Sock ConnectionThe RockMankind
92%
Evolution (4)Ric FlairTriple H, Randy Orton, Batista
90%
Dudley BoyzBubba Ray DudleyD-Von Dudley
88%
New Age OutlawsBilly GunnRoad Dogg
80%
The OutsidersKevin NashScott Hall
80%
Legion of Doom/Road WarriorsHawkAnimal
71%
Hart FoundationJim NeidhartBret Hart
69%

Score Distribution

Percentile by Number Answered

Percent of People with Each Score

Your Score History

You have not taken this quiz